Dear Vincent / (Запис № 487129)

МАРК-запис
000 -LEADER
fixed length control field 01238cam a2200301Ia 4500
001 - CONTROL NUMBER
control field dearvincent00adam
003 - CONTROL NUMBER IDENTIFIER
control field CaSfIA
005 - DATE AND TIME OF LATEST TRANSACTION
control field 20210118001319.0
007 - PHYSICAL DESCRIPTION FIXED FIELD--GENERAL INFORMATION
fixed length control field cr||||
008 - FIXED-LENGTH DATA ELEMENTS--GENERAL INFORMATION
fixed length control field 870113s1986 enk 000 0 eng d
040 ## - CATALOGING SOURCE
Original cataloging agency IXA
Transcribing agency IXA
Modifying agency CaSfIA
020 ## - INTERNATIONAL STANDARD BOOK NUMBER
International Standard Book Number 0946407142
020 ## - INTERNATIONAL STANDARD BOOK NUMBER
International Standard Book Number 9780946407149
035 ## - SYSTEM CONTROL NUMBER
System control number (OCoLC)15062195
050 #4 - LIBRARY OF CONGRESS CALL NUMBER
Classification number PR6051.D32
Item number D427 1986
029 1# - (OCLC)
OCLC library identifier UNITY
System control number 019909101
029 1# - (OCLC)
OCLC library identifier UKLBE
System control number 0946407142
029 1# - (OCLC)
OCLC library identifier UKMAN
System control number 0946407142
100 1# - MAIN ENTRY--PERSONAL NAME
Personal name Adams, Anna.
245 10 - TITLE STATEMENT
Title Dear Vincent /
Medium [electronic resource]
Statement of responsibility, etc by Anna Adams.
260 ## - PUBLICATION, DISTRIBUTION, ETC. (IMPRINT)
Place of publication, distribution, etc Hebden Bridge, West Yorkshire :
Name of publisher, distributor, etc Littlewood Press,
Date of publication, distribution, etc c1986.
300 ## - PHYSICAL DESCRIPTION
Extent 49 p. ;
Dimensions 21 cm.
506 ## - RESTRICTIONS ON ACCESS NOTE
Standardized terminology for access restriction Необхідна авторизація на https://archive.org/ (створення облікового запису безкоштовно)
506 ## - RESTRICTIONS ON ACCESS NOTE
Standardized terminology for access restriction Необхідна авторизація на https://openlibrary.org/ (створення облікового запису безкоштовно)
856 41 - ELECTRONIC LOCATION AND ACCESS
Uniform Resource Identifier <a href="http://www.archive.org/details/dearvincent00adam">http://www.archive.org/details/dearvincent00adam</a>
Public note Free eBook from the Internet Archive
856 42 - ELECTRONIC LOCATION AND ACCESS
Uniform Resource Identifier <a href="http://www.openlibrary.org/books/OL24375913M">http://www.openlibrary.org/books/OL24375913M</a>
Public note Additional information and access via Open Library
942 ## - ADDED ENTRY ELEMENTS (KOHA)
Koha item type ЕКнига

Немає доступних примірників.